Phan Bội Châu toàn tập; T3
Salvato in:
| Autore principale: | |
|---|---|
| Natura: | Libro |
| Lingua: | Undetermined |
| Pubblicazione: |
Huế
Thuận Hóa
1990
|
| Soggetti: | |
| Tags: |
Aggiungi Tag
Nessun Tag, puoi essere il primo ad aggiungerne! !
|
| Thư viện lưu trữ: | Trung tâm Học liệu Trường Đại học Cần Thơ |
|---|
| LEADER | 00507nam a2200169Ia 4500 | ||
|---|---|---|---|
| 001 | CTU_9392 | ||
| 008 | 210402s9999 xx 000 0 und d | ||
| 082 | |a 895.9228208 | ||
| 082 | |b Ch125/T3 | ||
| 100 | |a Phan Bội Châu | ||
| 245 | 0 | |a Phan Bội Châu toàn tập; T3 | |
| 245 | 0 | |c Phan Bội Châu | |
| 260 | |a Huế | ||
| 260 | |b Thuận Hóa | ||
| 260 | |c 1990 | ||
| 650 | |a vietnamese literature - 20th century - collections | ||
| 980 | |a Trung tâm Học liệu Trường Đại học Cần Thơ | ||